| 000 | 00717cam a22002051 4500 | ||
|---|---|---|---|
| 082 |
_a620.1 _bCLE _cL-5, P-1 |
||
| 100 | 1 |
_aClements, Guy Roger, _940626 |
|
| 245 | 0 | 0 |
_aAnalytical and applied mechanics, _bby Guy Roger Clements ... and Levi Thomas Wilson ... |
| 250 | _a3rdd ed. | ||
| 260 |
_aNew York; _aLondon, _bMcGraw-Hill Book Company, inc., _c1943. |
||
| 300 |
_axii, 475 p. _bdiagrs. _c22 cm. |
||
| 500 | _a"Answers to problems" : p. 455-475. | ||
| 526 |
_a0 _b0 _c0 _d620_100000000000000_CLE |
||
| 526 |
_a0 _b0 _c0 _d620_100000000000000_CLE |
||
| 650 | 0 |
_aMCE _9379 |
|
| 650 | 0 |
_aMechanics, Analytic. _939816 |
|
| 650 | 0 |
_aMechanics, Applied. _913090 |
|
| 700 | 1 |
_aWilson, Levi Thomas, _940627 |
|
| 942 |
_2ddc _cBK |
||
| 999 |
_c544882 _d544882 |
||